Online
Catalog

La mujer, vocación y destino / (Record no. 20867)

MARC details
000 -CABECERA
campo de control de longitud fija 00814nam a2200241 a 4500
001 - NÚMERO DE CONTROL
campo de control 000021367
005 - FECHA Y HORA DE LA ÚLTIMA TRANSACCIÓN
campo de control 20200930011317.0
008 - DATOS DE LONGITUD FIJA--INFORMACIÓN GENERAL
campo de control de longitud fija 100906s1965 sp r 000 f spa d
040 ## - FUENTE DE LA CATALOGACIÓN
Centro catalogador/agencia de origen DO-SdBNP
Lengua de catalogación spa
Centro/agencia transcriptor BNPHU
041 17 - CÓDIGO DE LENGUA
Código de lengua del texto/banda sonora o título independiente spa
Código de lengua original ger
Fuente del código Código de idioma MARC
082 ## - NÚMERO DE LA CLASIFICACIÓN DECIMAL DEWEY
Número de clasificación 305.4
Número de documento/Ítem F523m, 1965
049 ## - FONDOS LOCALES (OCLC)
Fondos de biblioteca BNGR
100 1# - ENTRADA PRINCIPAL--NOMBRE DE PERSONA
Nombre de persona Firkel, Eva,
9 (RLIN) 44480
240 10 - TÍTULO UNIFORME
Título uniforme Schicksalsfragen der frau.
Lenguaje de la obra Español.
245 13 - MENCIÓN DE TÍTULO
Título La mujer, vocación y destino /
Mención de responsabilidad, etc. Eva Firkel ; traducción de Ismael Antich.
250 ## - MENCIÓN DE EDICIÓN
Mención de edición 4a ed.
260 ## - PUBLICACIÓN, DISTRIBUCIÓN, ETC.
Lugar de publicación, distribución, etc. Barcelona :
Nombre del editor, distribuidor, etc. Herder,
Fecha de publicación, distribución, etc. 1965.
300 ## - DESCRIPCIÓN FÍSICA
Extensión 334 p. ;
Dimensiones 21 cm.
534 ## - NOTA SOBRE LA VERSIÓN ORIGINAL
Frase introductoria Título original en alemán:
Mención de título del original Schicksalsfragen der frau.
650 #4 - PUNTO DE ACCESO ADICIONAL DE MATERIA--TÉRMINO DE MATERIA
Término de materia o nombre geográfico como elemento de entrada Mujeres
Subdivisión general Condiciones sociales
9 (RLIN) 2063
650 #4 - PUNTO DE ACCESO ADICIONAL DE MATERIA--TÉRMINO DE MATERIA
Término de materia o nombre geográfico como elemento de entrada Mujeres
Subdivisión general Cuestiones sociales y morales
9 (RLIN) 11704
700 1# - PUNTO DE ACCESO ADICIONAL--NOMBRE DE PERSONA
Nombre de persona Antich, Ismael,
Término indicativo de función/relación tr.
9 (RLIN) 44608
Holdings
Estado de retiro Estado de pérdida Restricciones de uso No para préstamo Código de colección Localización permanente Ubicación/localización actual Ubicación en estantería Fecha de adquisición Número de inventario Total de préstamos Signatura topográfica completa Código de barras Fecha visto por última vez Precio válido a partir de Tipo de ítem Koha
    Préstamo interno   Monografías: Libros y Folletos General General En catalogación 06.09.2010 LF1   305.4 F523m, 1965 21367-10 25.06.2020 25.06.2020 Préstamo interno

Powered by Koha